[Event "Oberliga Ost A"]
[Site "?"]
[Date "2022.10.23"]
[Round "3.8"]
[White "Salewski, Bernd"]
[Black "Schaefer, Sven"]
[Result "1/2-1/2"]
[WhiteElo "1991"]
[BlackElo "1967"]
[PlyCount "89"]
[EventDate "2022.09.18"]
[EventType "team-tourn"]
[EventCountry "GER"]
[WhiteTeam "Dessau SK"]
[BlackTeam "Dresden SG Gruen Weiss"]
[WhiteTeamCountry "GER"]
[BlackTeamCountry "GER"]

1. d4 Nf6 2. Nc3 d5 3. Bg5 e6 4. e4 dxe4 5. Nxe4 Be7 6. Bxf6 Bxf6 7. Nf3 Nd7 8. Bd3 c5 9. Nd6+ Kf8 10. Qd2 Qe7 11. Ne4 Bxd4 12. c3 Bf6 13. O-O-O a6 14. Bc2 h6 15. h4 Nb6 16. g4 g6 17. Nxf6 Qxf6 18. Qd6+ Kg7 19. Qxb6 Qxf3 20. Qxc5 Qf4+ 21. Kb1 e5 22. f3 Be6 23. h5 Rac8 24. Qa5 g5 25. Rhe1 Rhe8 26. Be4 Rb8 27. Rd6 Qg3 28. Red1 Qf4 29. Qb6 Re7 30. Rd8 Re8 31. Rxe8 Rxe8 32. Qxb7 a5 33. Qb5 Rc8 34. Qe2 a4 35. Bc2 a3 36. Qd3 axb2 37. Qh7+ Kf6 38. Qxh6+ Ke7 39. Kxb2 Qe3 40. Bd3 Ra8 41. a3 Qb6+ 42. Kc1 Qe3+ 43. Kb2 Qb6+ 44. Kc1 Qe3+ 45. Kb2 1/2-1/2

[Event "Oberliga Ost A"]
[Site "?"]
[Date "2022.10.23"]
[Round "3.1"]
[White "Mazur, Stefan"]
[Black "Hartge, Gedeon"]
[Result "1/2-1/2"]
[WhiteElo "2414"]
[BlackElo "2254"]
[PlyCount "147"]
[EventDate "2022.09.18"]
[EventType "team-tourn"]
[EventCountry "GER"]
[WhiteTeam "Dresden SG Gruen Weiss"]
[BlackTeam "Dessau SK"]
[WhiteTeamCountry "GER"]
[BlackTeamCountry "GER"]

1. e4 c6 2. Nf3 d5 3. d3 dxe4 4. dxe4 Qxd1+ 5. Kxd1 Bg4 6. Be2 Nd7 7. Ne1 Bxe2+ 8. Kxe2 g6 9. Be3 Bh6 10. Nd3 Bxe3 11. Kxe3 Ngf6 12. f3 O-O-O 13. Nd2 Ne8 14. Rad1 Nc7 15. h4 Ne6 16. h5 g5 17. Nc4 f6 18. g3 Nb6 19. Nxb6+ axb6 20. f4 Rhg8 21. f5 Nc5 22. Nf2 Kc7 23. b3 b5 24. Ng4 Ra8 25. Rd2 Rxa2 26. e5 fxe5 27. Nxe5 Rf8 28. Rf1 b4 29. g4 Rf6 30. Rfd1 e6 31. Nd7 Nxd7 32. Rxd7+ Kb6 33. R1d6 Rxc2 34. Rxe6 Rf8 35. Ree7 Kc5 36. Re5+ Kb6 37. Ree7 Kc5 38. Rxb7 Rc3+ 39. Ke4 Rxb3 40. Re5+ Kc4 41. Rc7 Rg3 42. Rxc6+ Kb3 43. f6 Rxg4+ 44. Kf5 Rc4 45. Rb6 g4 46. Re7 g3 47. Rg7 Rc5+ 48. Ke6 Rxh5 49. Rxg3+ Ka4 50. Ke7 Rc8 51. Rg1 Rh4 52. Ra1+ Kb3 53. Rb1+ Ka4 54. Rf1 Re4+ 55. Kd7 Rf8 56. f7 Ka3 57. Rf3+ Ka2 58. Ra6+ Kb2 59. Rh6 b3 60. Rxh7 Re2 61. Rh6 Ka2 62. Ra6+ Kb2 63. Rb6 Ka2 64. Ra6+ Kb2 65. Rf1 Kc2 66. Rc6+ Kd2 67. Rb6 Kc2 68. Rc6+ Kd2 69. Rc8 Re7+ 70. Kxe7 Rxc8 71. Rb1 Kc2 72. Rxb3 Kxb3 73. f8=Q Rxf8 74. Kxf8 1/2-1/2

[Event "Oberliga Ost A"]
[Site "?"]
[Date "2022.10.23"]
[Round "3.2"]
[White "Becker, Michael"]
[Black "Fuchs, Florian"]
[Result "0-1"]
[WhiteElo "2249"]
[BlackElo "2322"]
[PlyCount "114"]
[EventDate "2022.09.18"]
[EventType "team-tourn"]
[EventCountry "GER"]
[WhiteTeam "Reichenbrand SV Eiche"]
[BlackTeam "Halle USV"]
[WhiteTeamCountry "GER"]
[BlackTeamCountry "GER"]

1. e4 e5 2. Nf3 Nc6 3. d4 exd4 4. Nxd4 Nf6 5. Nxc6 bxc6 6. e5 Qe7 7. Qe2 Nd5 8. c4 Nb6 9. b3 Qe6 10. g3 Bb4+ 11. Bd2 a5 12. Bg2 O-O 13. O-O d5 14. a3 Bxd2 15. Nxd2 a4 16. cxd5 cxd5 17. Rfc1 axb3 18. Rxc7 b2 19. Rb1 Na4 20. Qe3 Qg6 21. Bxd5 Bf5 22. Bxa8 Bxb1 23. Qb3 Qd3 24. Qb4 Bc2 25. Rxc2 Qxc2 26. Be4 Qd1+ 27. Kg2 Rd8 28. Nf3 h6 29. Qc4 b1=Q 30. Bxb1 Qxb1 31. Qxa4 Qb7 32. Qc4 Ra8 33. e6 Rxa3 34. exf7+ Qxf7 35. Qxf7+ Kxf7 36. h4 Ke6 37. Ng1 Kf5 38. Nh3 Ke4 39. Nf4 Ra2 40. Nh3 Ra8 41. Nf4 Ra7 42. Nh3 Rf7 43. Ng1 Kd3 44. Nh3 Ra7 45. Nf4+ Kd2 46. h5 Ra2 47. g4 Ra4 48. Kg3 Ra3+ 49. Kg2 Ra2 50. Kg3 Ra3+ 51. Kg2 Ra7 52. Kg3 Kc3 53. Ng2 Kd4 54. Ne3 Ke4 55. Nf5 Ra3+ 56. Kh4 Kf3 57. Nxg7 Ra1 0-1

[Event "Oberliga Ost A"]
[Site "?"]
[Date "2022.10.23"]
[Round "3.3"]
[White "Fischer, Edwin"]
[Black "Sukaylo, Aleksey"]
[Result "1-0"]
[WhiteElo "2168"]
[BlackElo "2114"]
[PlyCount "133"]
[EventDate "2022.09.18"]
[EventType "team-tourn"]
[EventCountry "GER"]
[WhiteTeam "Halle USV"]
[BlackTeam "Reichenbrand SV Eiche"]
[WhiteTeamCountry "GER"]
[BlackTeamCountry "GER"]

1. d4 Nf6 2. Nf3 e6 3. g3 d5 4. Bg2 Be7 5. O-O O-O 6. c4 dxc4 7. Qc2 a6 8. Qxc4 b5 9. Qc2 Bb7 10. Bg5 Be4 11. Qc1 Nbd7 12. Nbd2 Bb7 13. Nb3 a5 14. Rd1 Ra6 15. Ne5 Bxg2 16. Kxg2 Bd6 17. Bxf6 Nxf6 18. Nc5 Qa8+ 19. Kg1 Ra7 20. Ncd3 Qe4 21. e3 Ng4 22. Nxg4 Qxg4 23. Qc6 b4 24. Kg2 Rd8 25. Rac1 h5 26. Qf3 Qg5 27. h4 Qg6 28. Nf4 Bxf4 29. Qxf4 Qg4 30. Qxg4 hxg4 31. Rc5 f5 32. Rdc1 Rd7 33. Rb5 Rd6 34. Rcc5 Rda6 35. Rb8+ Kf7 36. Rc8 g6 37. R8xc7+ Rxc7 38. Rxc7+ Kf6 39. Rc5 Ke7 40. Kf1 Kd6 41. Ke2 b3 42. axb3 Rb6 43. Kd2 Rxb3 44. Kc2 a4 45. Rc4 f4 46. Rc3 fxg3 47. fxg3 Rb8 48. Rc5 Rf8 49. Rg5 Rf2+ 50. Kc3 Rf3 51. Rxg4 Rxe3+ 52. Kd2 Rb3 53. Kc2 Kd5 54. Rxg6 Kxd4 55. h5 Ke5 56. h6 Rb8 57. g4 Rc8+ 58. Kd3 Rb8 59. Kc2 Rc8+ 60. Kb1 Kf4 61. h7 Rh8 62. Rg7 e5 63. g5 e4 64. g6 e3 65. Rf7+ Kg5 66. g7 e2 67. Re7 1-0

[Event "Oberliga Ost A"]
[Site "?"]
[Date "2022.10.23"]
[Round "3.4"]
[White "Reipsch, Jens"]
[Black "Laemmel, Sebastian"]
[Result "1-0"]
[WhiteElo "2231"]
[BlackElo "2114"]
[PlyCount "87"]
[EventDate "2022.09.18"]
[EventType "team-tourn"]
[EventCountry "GER"]
[WhiteTeam "Reichenbrand SV Eiche"]
[BlackTeam "Halle USV"]
[WhiteTeamCountry "GER"]
[BlackTeamCountry "GER"]

1. e4 c5 2. Nf3 d6 3. Bb5+ Nd7 4. O-O a6 5. Bxd7+ Bxd7 6. b3 Nf6 7. e5 dxe5 8. Nxe5 e6 9. d4 cxd4 10. Qxd4 Bb5 11. Qxd8+ Rxd8 12. c4 Bc5 13. Bb2 Bd7 14. Nd2 Bc8 15. Rfd1 O-O 16. a3 Nd7 17. Ne4 Be7 18. f4 f6 19. Nf3 Nc5 20. Nxc5 Bxc5+ 21. Kf1 Kf7 22. b4 Be7 23. Bd4 Rd6 24. Rd2 Rfd8 25. Rad1 Ke8 26. Ke2 Bd7 27. Bc3 Ba4 28. Rc1 Rc8 29. c5 Rxd2+ 30. Bxd2 a5 31. Nd4 Kd7 32. Rc3 Bd8 33. Re3 axb4 34. axb4 b6 35. Nxe6 Be7 36. cxb6 Rc6 37. Nxg7 Rxb6 38. Re4 Bf8 39. Rd4+ Kc7 40. Nf5 Re6+ 41. Kf2 Bc6 42. Rc4 Kb7 43. Nd4 Re4 44. Nxc6 1-0

[Event "Oberliga Ost A"]
[Site "?"]
[Date "2022.10.23"]
[Round "3.5"]
[White "Kyas, Juergen"]
[Black "Schulte, Felix"]
[Result "1/2-1/2"]
[WhiteElo "2193"]
[BlackElo "2152"]
[PlyCount "39"]
[EventDate "2022.09.18"]
[EventType "team-tourn"]
[EventCountry "GER"]
[WhiteTeam "Halle USV"]
[BlackTeam "Reichenbrand SV Eiche"]
[WhiteTeamCountry "GER"]
[BlackTeamCountry "GER"]

1. e4 c5 2. Nf3 d6 3. d4 cxd4 4. Nxd4 Nf6 5. Nc3 a6 6. Be2 Nbd7 7. O-O g6 8. Be3 Bg7 9. a4 h5 10. f3 Qc7 11. a5 O-O 12. Qd2 Rd8 13. Nd5 Nxd5 14. exd5 Ne5 15. b3 Bd7 16. c4 Kh7 17. Rfc1 f5 18. b4 Nf7 19. Ra2 Re8 20. c5 1/2-1/2

[Event "Oberliga Ost A"]
[Site "?"]
[Date "2022.10.23"]
[Round "3.6"]
[White "Perekhozhuk, Maksym"]
[Black "Fehlhammer, Michael"]
[Result "0-1"]
[WhiteElo "2014"]
[BlackElo "2109"]
[PlyCount "44"]
[EventDate "2022.09.18"]
[EventType "team-tourn"]
[EventCountry "GER"]
[WhiteTeam "Reichenbrand SV Eiche"]
[BlackTeam "Halle USV"]
[WhiteTeamCountry "GER"]
[BlackTeamCountry "GER"]

1. e4 e6 2. d4 d5 3. Nc3 Nf6 4. e5 Nfd7 5. f4 c5 6. Nce2 Nc6 7. Nf3 Be7 8. c3 O-O 9. h4 f6 10. Qc2 cxd4 11. Nexd4 Nc5 12. h5 Nxd4 13. cxd4 Ne4 14. g4 fxe5 15. dxe5 Bb4+ 16. Kd1 Bd7 17. Bd3 Rc8 18. Qg2 Qb6 19. Rh2 Ba4+ 20. Ke2 Bb5 21. Qg1 Bxd3+ 22. Kxd3 Qb5+ 0-1

[Event "Oberliga Ost A"]
[Site "?"]
[Date "2022.10.23"]
[Round "3.7"]
[White "Sussbauer, Marco"]
[Black "Huth, Martin"]
[Result "1/2-1/2"]
[WhiteElo "1995"]
[BlackElo "2008"]
[PlyCount "78"]
[EventDate "2022.09.18"]
[EventType "team-tourn"]
[EventCountry "GER"]
[WhiteTeam "Halle USV"]
[BlackTeam "Reichenbrand SV Eiche"]
[WhiteTeamCountry "GER"]
[BlackTeamCountry "GER"]

1. d4 d5 2. c4 e6 3. Nf3 Nf6 4. Nc3 Be7 5. Bf4 a6 6. c5 b6 7. cxb6 cxb6 8. e3 O-O 9. Bd3 Bb7 10. O-O Nbd7 11. h3 Rc8 12. a4 Ne4 13. Rc1 f5 14. Qe2 Ra8 15. Nb1 Bd6 16. Bxd6 Nxd6 17. Rc2 b5 18. axb5 axb5 19. Rfc1 Qa5 20. Qd2 Qxd2 21. Nbxd2 Rfc8 22. Rxc8+ Rxc8 23. Rxc8+ Bxc8 24. Kf1 h6 25. Ke2 Kf7 26. Kd1 Ke7 27. Kc2 Kd8 28. Kb3 Kc7 29. Kb4 Kb6 30. Nb3 Nb8 31. Nc5 Nc6+ 32. Kb3 Nf7 33. Ne1 e5 34. Nc2 exd4 35. exd4 Nd6 36. Kc3 f4 37. h4 g5 38. hxg5 hxg5 39. g3 fxg3 1/2-1/2

[Event "Oberliga Ost A"]
[Site "?"]
[Date "2022.10.23"]
[Round "3.8"]
[White "Polzin, Gustav"]
[Black "Waltenberger, Udo"]
[Result "1-0"]
[WhiteElo "1784"]
[BlackElo "2018"]
[PlyCount "33"]
[EventDate "2022.09.18"]
[EventType "team-tourn"]
[EventCountry "GER"]
[WhiteTeam "Reichenbrand SV Eiche"]
[BlackTeam "Halle USV"]
[WhiteTeamCountry "GER"]
[BlackTeamCountry "GER"]

1. e4 c5 2. Nc3 Nc6 3. g3 g6 4. Bg2 Bg7 5. Nge2 d6 6. O-O e6 7. f4 Nge7 8. b3 b5 9. Bb2 O-O 10. f5 exf5 11. Rb1 Qb6 12. Nf4 Be6 13. exf5 Bxf5 14. Ncd5 Nxd5 15. Nxd5 Qb7 16. Nf6+ Kh8 17. Rxf5 1-0

[Event "Oberliga Ost A"]
[Site "?"]
[Date "2022.10.23"]
[Round "3.1"]
[White "Post, Hugo"]
[Black "Bures, Jaroslav"]
[Result "1/2-1/2"]
[WhiteElo "2192"]
[BlackElo "2419"]
[PlyCount "71"]
[EventDate "2022.09.18"]
[EventType "team-tourn"]
[EventCountry "GER"]
[WhiteTeam "Halle USV"]
[BlackTeam "Reichenbrand SV Eiche"]
[WhiteTeamCountry "GER"]
[BlackTeamCountry "GER"]

1. e4 c5 2. Nf3 e6 3. d4 cxd4 4. Nxd4 Nc6 5. Nc3 Qc7 6. Ncb5 Qb8 7. Bd3 Nf6 8. O-O a6 9. Nxc6 bxc6 10. Nd4 e5 11. Nf5 d5 12. Qf3 Be6 13. Bg5 dxe4 14. Bxe4 Nxe4 15. Qxe4 f6 16. Be3 Bd5 17. Qd3 Qb5 18. Qd2 g6 19. Ng3 Qxb2 20. Rab1 Qxa2 21. f4 Rd8 22. fxe5 f5 23. Bg5 Ra8 24. Bf6 Rg8 25. Rb7 a5 26. Rfb1 Qc4 27. Kh1 f4 28. Rb8+ Rxb8 29. Rxb8+ Kf7 30. Rb7+ Ke6 31. Ne2 Bxg2+ 32. Kxg2 Qe4+ 33. Kh3 Qf5+ 34. Kg2 Qe4+ 35. Kh3 Qf5+ 36. Kg2 1/2-1/2

[Event "Oberliga Ost A"]
[Site "?"]
[Date "2022.10.23"]
[Round "3.2"]
[White "Hassemeier, Mika"]
[Black "Niegsch, Nicolas"]
[Result "1/2-1/2"]
[WhiteElo "2087"]
[BlackElo "2305"]
[PlyCount "87"]
[EventDate "2022.09.18"]
[EventType "team-tourn"]
[EventCountry "GER"]
[WhiteTeam "Loeberitz SG"]
[BlackTeam "Hoyerswerde FVS ASP"]
[WhiteTeamCountry "GER"]
[BlackTeamCountry "GER"]

1. d4 d5 2. c4 Nc6 3. cxd5 Qxd5 4. e3 e5 5. Nc3 Bb4 6. a3 Bxc3+ 7. bxc3 Nf6 8. c4 Qd6 9. d5 Nb8 10. a4 Nbd7 11. Ba3 Nc5 12. Nf3 Nfd7 13. Be2 O-O 14. O-O Re8 15. Nd2 Qg6 16. a5 e4 17. Qb1 Re5 18. f4 exf3 19. Qxg6 hxg6 20. Rxf3 g5 21. Bb2 Re7 22. Bd4 f6 23. Ra3 Na6 24. Rf1 Nb4 25. Rc1 c5 26. Bb2 Ne5 27. Ne4 Na6 28. Nd6 Nf7 29. Nxc8 Rxc8 30. Bg4 Rd8 31. Rb3 Kf8 32. Ba3 Nd6 33. Be6 Rc7 34. Kf2 Ke7 35. Ke2 Rh8 36. h3 Rh4 37. Kd3 f5 38. Bb2 g6 39. Be5 Re4 40. Bg3 f4 41. exf4 gxf4 42. Bf2 Kf6 43. Bg4 Rce7 44. Be6 1/2-1/2

[Event "Oberliga Ost A"]
[Site "?"]
[Date "2022.10.23"]
[Round "3.3"]
[White "Schuetze, Norman"]
[Black "Spivak, Ilya"]
[Result "0-1"]
[WhiteElo "2298"]
[BlackElo "2299"]
[PlyCount "78"]
[EventDate "2022.09.18"]
[EventType "team-tourn"]
[EventCountry "GER"]
[WhiteTeam "Hoyerswerde FVS ASP"]
[BlackTeam "Loeberitz SG"]
[WhiteTeamCountry "GER"]
[BlackTeamCountry "GER"]

1. e4 c5 2. Nf3 e6 3. d4 cxd4 4. Nxd4 Nf6 5. Nc3 Nc6 6. Ndb5 d6 7. Bf4 e5 8. Bg5 a6 9. Na3 b5 10. Nd5 Be7 11. Bxf6 Bxf6 12. c3 Rb8 13. Nc2 Bg5 14. a4 bxa4 15. Ncb4 Nxb4 16. cxb4 O-O 17. Rxa4 a5 18. h4 Bh6 19. b5 Bd7 20. Nc3 d5 21. exd5 f5 22. Be2 e4 23. d6 Kh8 24. g3 Re8 25. O-O g5 26. hxg5 Qxg5 27. Kg2 Bg7 28. Rh1 Be5 29. Rxa5 e3 30. Ra7 Rbd8 31. Bc4 exf2 32. Qd3 Qg7 33. Nd1 Bd4 34. Ra3 Bc8 35. Nxf2 Bb7+ 36. Kf1 Bxf2 37. Rh5 Bc5 38. Rxf5 Bxa3 39. bxa3 Be4 0-1

[Event "Oberliga Ost A"]
[Site "?"]
[Date "2022.10.23"]
[Round "3.4"]
[White "Boehm, Robert"]
[Black "Pallas, Sebastian"]
[Result "0-1"]
[WhiteElo "2125"]
[BlackElo "2221"]
[PlyCount "54"]
[EventDate "2022.09.18"]
[EventType "team-tourn"]
[EventCountry "GER"]
[WhiteTeam "Loeberitz SG"]
[BlackTeam "Hoyerswerde FVS ASP"]
[WhiteTeamCountry "GER"]
[BlackTeamCountry "GER"]

1. d4 Nf6 2. Nf3 g6 3. c4 Bg7 4. Nc3 d5 5. Bf4 O-O 6. e3 c5 7. dxc5 Qa5 8. Rc1 dxc4 9. Bxc4 Qxc5 10. Bb3 Nc6 11. O-O Qa5 12. h3 Bf5 13. Qe2 Ne4 14. Nd5 e5 15. Bh2 Be6 16. Rfd1 Rfd8 17. Qc4 Nf6 18. e4 Rac8 19. Ng5 Nd4 20. Ne7+ Kf8 21. Nxe6+ Kxe7 22. Nxd8 Rxc4 23. Bxc4 Nxe4 24. Nxf7 Qb6 25. Bxe5 Nf3+ 26. gxf3 Qxf2+ 27. Kh1 Bxe5 0-1

[Event "Oberliga Ost A"]
[Site "?"]
[Date "2022.10.23"]
[Round "3.5"]
[White "Mertens, Fridolin"]
[Black "Jahnel, Guenther"]
[Result "0-1"]
[WhiteElo "2141"]
[BlackElo "2203"]
[PlyCount "76"]
[EventDate "2022.09.18"]
[EventType "team-tourn"]
[EventCountry "GER"]
[WhiteTeam "Hoyerswerde FVS ASP"]
[BlackTeam "Loeberitz SG"]
[WhiteTeamCountry "GER"]
[BlackTeamCountry "GER"]

1. e4 d6 2. d4 Nf6 3. Nc3 g6 4. Nf3 Bg7 5. Be3 c6 6. Qd2 b5 7. Bd3 O-O 8. Bh6 Nbd7 9. Bxg7 Kxg7 10. e5 dxe5 11. dxe5 Ng4 12. Qf4 Ndxe5 13. Nxe5 Qd6 14. Nxg6 hxg6 15. Qxd6 exd6 16. Nd1 f5 17. Be2 f4 18. Bxg4 Bxg4 19. Kd2 Rae8 20. Re1 Rxe1 21. Kxe1 f3 22. Kf1 fxg2+ 23. Kxg2 Bf3+ 24. Kg3 Be4 25. a4 b4 26. c3 Rf3+ 27. Kg4 c5 28. cxb4 cxb4 29. Rc1 Rb3 30. Kf4 d5 31. Rc7+ Kf6 32. Ne3 g5+ 33. Kg4 d4 34. h4 gxh4 35. Nc4 h3 36. f3 h2 37. fxe4 h1=Q 38. e5+ Ke6 0-1

[Event "Oberliga Ost A"]
[Site "?"]
[Date "2022.10.23"]
[Round "3.6"]
[White "Kregelin, Jan"]
[Black "Boehm, Christian"]
[Result "1/2-1/2"]
[WhiteElo "2120"]
[BlackElo "2080"]
[PlyCount "39"]
[EventDate "2022.09.18"]
[EventType "team-tourn"]
[EventCountry "GER"]
[WhiteTeam "Loeberitz SG"]
[BlackTeam "Hoyerswerde FVS ASP"]
[WhiteTeamCountry "GER"]
[BlackTeamCountry "GER"]

1. e4 c6 2. d4 d5 3. exd5 cxd5 4. c4 Nf6 5. Nc3 Nc6 6. Nf3 Bg4 7. cxd5 Nxd5 8. Qb3 Bxf3 9. gxf3 e6 10. Qxb7 Nxd4 11. Bb5+ Nxb5 12. Qc6+ Ke7 13. Qxb5 Nxc3 14. bxc3 Qd5 15. Qxd5 exd5 16. Rb1 Ke6 17. O-O Bc5 18. Re1+ Kf6 19. Rb5 Rhe8 20. Rxe8 1/2-1/2

[Event "Oberliga Ost A"]
[Site "?"]
[Date "2022.10.23"]
[Round "3.7"]
[White "Deutsch, Joey"]
[Black "Grohmann, Alexander"]
[Result "1/2-1/2"]
[WhiteElo "1961"]
[BlackElo "1993"]
[PlyCount "42"]
[EventDate "2022.09.18"]
[EventType "team-tourn"]
[EventCountry "GER"]
[WhiteTeam "Hoyerswerde FVS ASP"]
[BlackTeam "Loeberitz SG"]
[WhiteTeamCountry "GER"]
[BlackTeamCountry "GER"]

1. d4 d5 2. Nf3 e6 3. g3 Nf6 4. Bg2 Be7 5. c4 O-O 6. Qc2 Ne4 7. O-O c6 8. Nc3 f5 9. Rb1 Nd7 10. b4 a6 11. c5 Bf6 12. a4 e5 13. Rd1 Qe7 14. dxe5 Nxe5 15. Nxe5 Nxc3 16. Qxc3 Bxe5 17. Qd2 f4 18. Bb2 Bxb2 19. Rxb2 fxg3 20. hxg3 a5 21. e4 Bg4 1/2-1/2

[Event "Oberliga Ost A"]
[Site "?"]
[Date "2022.10.23"]
[Round "3.8"]
[White "Roessel, Louis"]
[Black "Schaefer, Reyk"]
[Result "0-1"]
[WhiteElo "1969"]
[BlackElo "2099"]
[PlyCount "130"]
[EventDate "2022.09.18"]
[EventType "team-tourn"]
[EventCountry "GER"]
[WhiteTeam "Loeberitz SG"]
[BlackTeam "Hoyerswerde FVS ASP"]
[WhiteTeamCountry "GER"]
[BlackTeamCountry "GER"]

1. e4 c6 2. d4 d5 3. exd5 cxd5 4. Bd3 Nc6 5. c3 Qc7 6. h3 g6 7. Nf3 Bf5 8. Na3 Bxd3 9. Qxd3 a6 10. O-O Bg7 11. Nc2 Nf6 12. Ne3 O-O 13. Bd2 b5 14. a4 Rab8 15. axb5 axb5 16. Rfc1 Na5 17. Qc2 Nc4 18. b4 Nxe3 19. fxe3 Ne4 20. Ne1 Rfc8 21. Nd3 Qg3 22. Re1 e6 23. Re2 Nxd2 24. Qxd2 Bf8 25. Nc5 Bd6 26. e4 Qh2+ 27. Kf2 Qg3+ 28. Kg1 Qh2+ 29. Kf2 Qg3+ 30. Kf1 Ra8 31. Qe1 Qh2 32. Rea2 Rxa2 33. Rxa2 Qh1+ 34. Ke2 Qxg2+ 35. Qf2 Qxh3 36. Ra7 Rc7 37. Ra8+ Kg7 38. e5 Be7 39. Kd2 h5 40. Qe2 Bg5+ 41. Kc2 Qh1 42. Ra2 h4 43. Qg4 Qc1+ 44. Kb3 Qf4 45. Qg2 Qf5 46. Rf2 Qb1+ 47. Rb2 Qd1+ 48. Rc2 Qh5 49. Qf1 Ra7 50. Kb2 Qh8 51. Nb3 Qe8 52. Rg2 Bd8 53. Rg4 Qh8 54. Rg2 Qh6 55. Qxb5 Bg5 56. Qf1 Bf4 57. Rg4 Bg3 58. Qf3 Qh5 59. Nc5 Qh6 60. Nb3 Qh5 61. Nc5 Qf5 62. Rxg3 hxg3 63. Qxg3 Qf1 64. Nb3 Qe2+ 65. Kc1 Ra2 0-1

[Event "Oberliga Ost A"]
[Site "?"]
[Date "2022.10.23"]
[Round "3.1"]
[White "Pietzsch, Manuel"]
[Black "Heyder, Florian"]
[Result "1/2-1/2"]
[WhiteElo "2098"]
[BlackElo "2207"]
[PlyCount "29"]
[EventDate "2022.09.18"]
[EventType "team-tourn"]
[EventCountry "GER"]
[WhiteTeam "Hoyerswerde FVS ASP"]
[BlackTeam "Loeberitz SG"]
[WhiteTeamCountry "GER"]
[BlackTeamCountry "GER"]

1. e4 e6 2. d4 d5 3. exd5 exd5 4. Qf3 Nc6 5. c3 Nf6 6. h3 Be7 7. Bd3 Be6 8. Ne2 Qd7 9. Bf4 h6 10. Nd2 O-O-O 11. O-O-O g5 12. Be5 Nxe5 13. dxe5 Ne8 14. Nd4 c5 15. Bb5 1/2-1/2

[Event "Oberliga Ost A"]
[Site "?"]
[Date "2022.10.23"]
[Round "3.2"]
[White "Engelmann, Jakob"]
[Black "Henning, Marvin"]
[Result "0-1"]
[WhiteElo "2239"]
[BlackElo "1985"]
[PlyCount "102"]
[EventDate "2022.09.18"]
[EventType "team-tourn"]
[EventCountry "GER"]
[WhiteTeam "Leipzig SG II"]
[BlackTeam "Sangerhausen SV"]
[WhiteTeamCountry "GER"]
[BlackTeamCountry "GER"]

1. c4 g6 2. Nc3 Bg7 3. g3 d6 4. Bg2 e5 5. e3 f5 6. Nge2 Ne7 7. O-O O-O 8. b4 c6 9. b5 Be6 10. Qa4 Nd7 11. bxc6 bxc6 12. d3 e4 13. dxe4 Nc5 14. Qc2 fxe4 15. Bb2 Bxc4 16. Bxe4 Bxe2 17. Qxe2 Rb8 18. Bg2 Nd3 19. Qxd3 Rxb2 20. Rab1 Rxb1 21. Rxb1 d5 22. Ne2 Qa5 23. Qc2 g5 24. Nc1 Nf5 25. Nb3 Qa4 26. Rc1 Rf6 27. Bf1 h6 28. Bd3 Ne7 29. Qe2 Rf8 30. Bb1 Rf6 31. Qd3 Qg4 32. Nd4 h5 33. Kg2 h4 34. Qh7+ Kf8 35. h3 Qd7 36. g4 Qb7 37. Nb3 Qc7 38. Nc5 d4 39. Qd3 Nd5 40. Ne4 Rf7 41. Nxg5 Rxf2+ 42. Kxf2 Qh2+ 43. Ke1 Qg3+ 44. Kd1 Qg1+ 45. Kc2 Qh2+ 46. Kb3 Qb8+ 47. Kc2 Nb4+ 48. Kd2 Nxd3 49. Bxd3 dxe3+ 50. Kxe3 Qe5+ 51. Ne4 Bh6+ 0-1

[Event "Oberliga Ost A"]
[Site "?"]
[Date "2022.10.23"]
[Round "3.3"]
[White "Schiffer, Stefan"]
[Black "Hellwig, Tobias"]
[Result "1/2-1/2"]
[WhiteElo "2249"]
[BlackElo "2209"]
[PlyCount "59"]
[EventDate "2022.09.18"]
[EventType "team-tourn"]
[EventCountry "GER"]
[WhiteTeam "Sangerhausen SV"]
[BlackTeam "Leipzig SG II"]
[WhiteTeamCountry "GER"]
[BlackTeamCountry "GER"]

1. d4 d5 2. Nf3 Nf6 3. e3 g6 4. Be2 Bg7 5. O-O O-O 6. b3 Ne4 7. Bb2 c5 8. c3 Nc6 9. Nbd2 cxd4 10. Nxd4 Nxd4 11. cxd4 Bf5 12. Nxe4 Bxe4 13. Qd2 Qb6 14. Rfc1 Rfc8 15. Ba3 Bf8 16. Rc5 Qd8 17. Rac1 Bf5 18. Bf3 e6 19. Rxc8 Rxc8 20. Bxf8 Qxf8 21. Be2 g5 22. e4 Rxc1+ 23. Qxc1 Bxe4 24. Qxg5+ Qg7 25. Qd8+ Qf8 26. Qg5+ Qg7 27. h4 f6 28. Qg4 Qxg4 29. Bxg4 Kf7 30. g3 1/2-1/2

[Event "Oberliga Ost A"]
[Site "?"]
[Date "2022.10.23"]
[Round "3.4"]
[White "Hillmann, Michael"]
[Black "Roemling, Sven"]
[Result "0-1"]
[WhiteElo "2106"]
[BlackElo "2220"]
[PlyCount "112"]
[EventDate "2022.09.18"]
[EventType "team-tourn"]
[EventCountry "GER"]
[WhiteTeam "Leipzig SG II"]
[BlackTeam "Sangerhausen SV"]
[WhiteTeamCountry "GER"]
[BlackTeamCountry "GER"]

1. d4 Nf6 2. Bg5 Ne4 3. Bf4 d5 4. e3 Bf5 5. Bd3 e6 6. f3 Nd6 7. Ne2 Be7 8. O-O O-O 9. Nbc3 Bxd3 10. Qxd3 Nd7 11. e4 c6 12. Nd1 Qb6 13. e5 Nc4 14. Kh1 c5 15. b3 Na5 16. c3 Rac8 17. Bd2 Nc6 18. f4 f6 19. Ne3 cxd4 20. cxd4 f5 21. g4 g6 22. gxf5 gxf5 23. Rf3 Qa6 24. Qxa6 bxa6 25. Rc1 Ba3 26. Rg1+ Kh8 27. Nd1 Ne7 28. Ndc3 Ng6 29. h4 Rg8 30. h5 Ne7 31. Be1 Rxg1+ 32. Kxg1 Nc6 33. Rg3 Be7 34. Rg2 Rg8 35. Bf2 Bb4 36. Kh2 Rxg2+ 37. Kxg2 Kg7 38. Nb1 Kh6 39. Ng3 a5 40. Kh3 Nb6 41. a4 Na8 42. Ne2 Kxh5 43. Ng1 Nb6 44. Nf3 h6 45. Be3 Nc8 46. Bf2 Kg6 47. Be3 N8e7 48. Kg3 Kf7 49. Bc1 Ng6 50. Be3 a6 51. Bf2 Be7 52. Nc3 Nb4 53. Be3 Nc2 54. Bg1 Na1 55. Nd2 Nxf4 56. Kxf4 Bg5+ 0-1

[Event "Oberliga Ost A"]
[Site "?"]
[Date "2022.10.23"]
[Round "3.5"]
[White "Schunk, Thomas"]
[Black "Richter, Dustin"]
[Result "1/2-1/2"]
[WhiteElo "2160"]
[BlackElo "2164"]
[PlyCount "102"]
[EventDate "2022.09.18"]
[EventType "team-tourn"]
[EventCountry "GER"]
[WhiteTeam "Sangerhausen SV"]
[BlackTeam "Leipzig SG II"]
[WhiteTeamCountry "GER"]
[BlackTeamCountry "GER"]

1. c4 g6 2. g3 Bg7 3. Bg2 Nf6 4. Nc3 O-O 5. d4 d6 6. Nf3 Nc6 7. O-O Bd7 8. h3 a6 9. a3 Na5 10. b3 c5 11. Be3 cxd4 12. Nxd4 Rc8 13. Rc1 Nc6 14. Qd2 Nxd4 15. Bxd4 Bc6 16. e4 Qa5 17. Qb2 Ne8 18. b4 Qh5 19. Ne2 Bxd4 20. Nxd4 Bd7 21. g4 Qh6 22. f4 Qg7 23. Qd2 Nc7 24. Rfe1 Rfd8 25. Qe3 b5 26. c5 dxc5 27. bxc5 e5 28. Ne2 Ne6 29. Red1 Qh6 30. Rf1 Rc7 31. Qg3 Rxc5 32. Rxc5 Nxc5 33. Qc3 Qf8 34. Qxe5 Nd3 35. Qc3 Be6 36. Rd1 Bc4 37. Kh2 Qc5 38. Nc1 Qe3 39. Nxd3 Rxd3 40. Rxd3 Qxd3 41. Qb4 Qd8 42. Qc5 Qf8 43. Qe3 b4 44. axb4 Qxb4 45. e5 a5 46. Qd4 h6 47. f5 gxf5 48. gxf5 Bb3 49. Qe3 a4 50. Qxh6 Qe7 51. Qf4 f6 1/2-1/2

[Event "Oberliga Ost A"]
[Site "?"]
[Date "2022.10.23"]
[Round "3.6"]
[White "Guenther, Christian"]
[Black "Limpert, Michael"]
[Result "1/2-1/2"]
[WhiteElo "2131"]
[BlackElo "2107"]
[PlyCount "26"]
[EventDate "2022.09.18"]
[EventType "team-tourn"]
[EventCountry "GER"]
[WhiteTeam "Leipzig SG II"]
[BlackTeam "Sangerhausen SV"]
[WhiteTeamCountry "GER"]
[BlackTeamCountry "GER"]

1. d4 d5 2. c4 c6 3. Nf3 Nf6 4. Nc3 e6 5. e3 Nbd7 6. Bd3 dxc4 7. Bxc4 b5 8. Bd3 Bb7 9. O-O b4 10. Na4 c5 11. Nxc5 Nxc5 12. dxc5 Bxc5 13. Bb5+ Ke7 1/2-1/2